000 00214 a2200097 4500
001 29058
100 _aMc Daniel H.B
245 _aGuidance in the modern school
260 _a
_bRinehart
_c
090 _c19409
_d19409
942 _aNUST-CAE
_cM
_c10457
999 _c264131
_d264131